プロ野球スピリッツA【プロスピA】 弾道アーチストの選手名 - Statistics

General Stats
  • This quiz has been taken 503 times
    41 since last reset
  • The average score is 33 of 60
Answer Stats
所持選手の球団名 選手名 % Correct
巨人 王貞治
92%
巨人 岡本和真
92%
阪神 大山悠輔
88%
阪神 R.バース
88%
ヤクルト 村上宗隆
85%
中日 山崎武司
77%
ソフトバンク 柳田悠岐
77%
楽天 山﨑武司
77%
巨人 高橋由伸
73%
中日 落合博満
73%
日本ハム 大谷翔平
73%
ロッテ 落合博満
73%
阪神 掛布雅之
69%
中日 中村紀洋
69%
オリックス 中村紀洋
69%
西武 中村剛也
69%
阪神 梅野隆太郎
65%
ソフトバンク 山川穂高
65%
日本ハム 清宮幸太郎
65%
西武 山川穂高
65%
DeNA N.ソト
65%
ロッテ N.ソト
65%
巨人 江藤智
62%
巨人 小久保裕紀
62%
DeNA 筒香嘉智
62%
広島 前田智徳
62%
広島 江藤智
62%
ソフトバンク 小久保裕紀
62%
巨人 原辰徳
58%
阪神 山内一弘
58%
阪神 田淵幸一
58%
ソフトバンク 野村克也
58%
ロッテ 山内和弘
58%
西武 田淵幸一
58%
阪神 藤村富美男
54%
DeNA 多村仁
54%
ソフトバンク 門田博光
54%
オリックス ブーマー
54%
オリックス 吉田正尚
50%
阪神 今岡誠
46%
DeNA 古木克明
46%
ヤクルト 池山隆寛
46%
中日 宇野勝
46%
オリックス 土井正博
46%
西武 土井正博
46%
西武 清原和博
46%
ヤクルト 広沢克己
42%
ヤクルト 雄平
42%
オリックス 石井浩郎
42%
西武 中島裕之
38%
ソフトバンク(Dランク) 松中信彦
31%
阪神 濱中治
27%
中日 大島康徳
27%
阪神(Bランク) 新井良太
23%
オリックス 石嶺和彦
19%
オリックス R.ブライアント
19%
広島(Cランク) 岩本貴裕
12%
オリックス 藤井康雄
12%
オリックス(Dランク) 竹原直隆
4%
西武(Cランク) 竹原直隆
4%
No matching quizzes found
Score Distribution
Percent of People with Each Score
Percentile by Number Answered
Your Score History
You have not taken this quiz since the last reset